000 00404nam a2200181Ia 4500
005 20250423094521.0
008 250422s9999 xx 000 0 und d
020 _a1573401560
050 _aRC 697 .A26/
245 0 _aAtlas of AIDS
250 _a3rd. ed.
260 _aPhiladelphia
260 _bCurrent Medicine
260 _c2001
300 _a341 p
650 _a AIDS - Atlases
942 _cBK
999 _c27472
_d27472